Head first javascript programming : a brain friendly guide (Record no. 40785)

MARC details
000 -LEADER
fixed length control field 00436nam a2200181Ia 4500
020 ## - INTERNATIONAL STANDARD BOOK NUMBER
ISBN 9781449340131
050 ## - CALL MARK
Classification number QA 76.73.J39 .F74/
100 ## - STATEMENT OF RESPONSIBILITY--MAIN AUTHOR NAME
Personal name Freeman, Eric
245 #0 - TITLE STATEMENT
Title Head first javascript programming : a brain friendly guide
260 ## - PUBLICATION, DISTRIBUTION, ETC. (IMPRINT)
Place of publication USA
260 ## - PUBLICATION, DISTRIBUTION, ETC. (IMPRINT)
Name of publisher O’reilly
260 ## - PUBLICATION, DISTRIBUTION, ETC. (IMPRINT)
Year of publication 2014
300 ## - PHYSICAL DESCRIPTION
Number of Pages 661 p
650 ## - SUBJECT ADDED ENTRY--TOPICAL TERM
Topical Term USA
942 ## - ADDED ENTRY ELEMENTS (KOHA)
Koha item type Books
Holdings
Withdrawn status Lost status Damaged status Not for loan Permanent Location Current Location Shelving location Date acquired Accession Number Price effective from Koha item type
        NILE UNIVERSITY OF NIGERIA - MAIN LIBRARY NILE UNIVERSITY OF NIGERIA - MAIN LIBRARY Items on shelf 06/03/2025 0185678 06/03/2025 Books